000 00308nam a2200121 a 4500
008 110426s1982|||| d
245 1 0 _aKultúrny rozvoj Slovenska v šiestej päťročnici
260 _c1982
_aBratislava
_bObzor
044 _axo
_cSK
041 _aslo
020 _c30
100 1 _aFischer, Ján
999 _c19174
_d19174